000 00316nam a2200121 a 4500
005 20140414132111.0
008 110520s19uu xx 00 eng d
050 _aVCD
_bP94
245 _aThe prodigal son.
260 _bNest Entertainment.
440 _aThe Animated Stories from the New Testament
999 _c114769
_d114769